Sports Quiz

Random Sports or WWE Quiz
Score 0/65 Timer 10:00
0 Plays Today
Match Wrestler % Correct
Match #9
Singles
IWGP Heavyweight Championship
Kenny Omega
93.6%
Match #9
Singles
IWGP Heavyweight Championship
Kazuchika Okada
92.9%
Match #3
Tag Team
IWGP Junior Heavyweight Tag Team Championship
Matt Jackson
91.1%
Match #3
Tag Team
IWGP Junior Heavyweight Tag Team Championship
Nick Jackson
91.1%
Match #9
Singles
IWGP Heavyweight Championship
Matt Jackson
91.1%
Match #9
Singles
IWGP Heavyweight Championship
Nick Jackson
91.1%
Dark Match
6-Man Tag Team
Tomoyuki Oka
90.9%
Match #5
Singles
Cody
85.6%
Match #9
Singles
IWGP Heavyweight Championship
Cody
85.6%
Match #8
Singles
IWGP Intercontinental Championship
Hiroshi Tanahashi
83.5%
Match #4
Tag Team
IWGP Tag Team Championship
Tama Tonga
83.3%
Match #9
Singles
IWGP Heavyweight Championship
Tama Tonga
83.3%
Match #8
Singles
IWGP Intercontinental Championship
Tetsuya Naito
82.8%
Match #2
Trios Gauntlet
NEVER Openweight 6-Man Tag Team Championship
Bad Luck Fale
80.8%
Match #9
Singles
IWGP Heavyweight Championship
Bad Luck Fale
80.8%
Match #7
Lumberjack Deathmatch
NEVER Openweight Championship
Minoru Suzuki
79.8%
Match #2
Trios Gauntlet
NEVER Openweight 6-Man Tag Team Championship
EVIL
79.2%
Match #6
Singles
IWGP Junior Heavyweight Championship
Hiromu Takahashi
79%
Match #2
Trios Gauntlet
NEVER Openweight 6-Man Tag Team Championship
Yujiro Takahashi
78.8%
Match #9
Singles
IWGP Heavyweight Championship
Yujiro Takahashi
78.8%
Match #2
Trios Gauntlet
NEVER Openweight 6-Man Tag Team Championship
BUSHI
78.2%
Match #6
Singles
IWGP Junior Heavyweight Championship
BUSHI
78.2%
Match #9
Singles
IWGP Heavyweight Championship
Gedo
76.9%
Match #2
Trios Gauntlet
NEVER Openweight 6-Man Tag Team Championship
SANADA
76.2%
Match #6
Singles
IWGP Junior Heavyweight Championship
KUSHIDA
75.5%
Match #4
Tag Team
IWGP Tag Team Championship
Tanga Roa
75.2%
Match #9
Singles
IWGP Heavyweight Championship
Tanga Roa
75.2%
Match #2
Trios Gauntlet
NEVER Openweight 6-Man Tag Team Championship
Hangman Page
74.5%
Match #9
Singles
IWGP Heavyweight Championship
Hangman Page
74.5%
Match #3
Tag Team
IWGP Junior Heavyweight Tag Team Championship
Beretta
74.4%
Match #3
Tag Team
IWGP Junior Heavyweight Tag Team Championship
Rocky Romero
74.4%
Match #2
Trios Gauntlet
NEVER Openweight 6-Man Tag Team Championship
Tomohiro Ishii
73.9%
Match #7
Lumberjack Deathmatch
NEVER Openweight Championship
Tomohiro Ishii
73.9%
Match Wrestler % Correct
Match #2
Trios Gauntlet
NEVER Openweight 6-Man Tag Team Championship
Zack Sabre, Jr.
71.2%
Match #7
Lumberjack Deathmatch
NEVER Openweight Championship
Zack Sabre, Jr.
71.2%
Match #4
Tag Team
IWGP Tag Team Championship
Hanson
68.9%
Match #4
Tag Team
IWGP Tag Team Championship
Raymond Rowe
68.8%
Match #5
Singles
Michael Elgin
68.8%
Match #7
Lumberjack Deathmatch
NEVER Openweight Championship
Hirooki Goto
68.8%
Match #2
Trios Gauntlet
NEVER Openweight 6-Man Tag Team Championship
Ryusuke Taguchi
68.3%
Match #1
8-Man Tag Team
Jushin Thunder Liger
66.4%
Match #2
Trios Gauntlet
NEVER Openweight 6-Man Tag Team Championship
Juice Robinson
64.8%
Match #2
Trios Gauntlet
NEVER Openweight 6-Man Tag Team Championship
Toru Yano
64%
Match #7
Lumberjack Deathmatch
NEVER Openweight Championship
Toru Yano
64%
Match #1
8-Man Tag Team
Tiger Mask W
62.5%
Match #2
Trios Gauntlet
NEVER Openweight 6-Man Tag Team Championship
Ricochet
62.5%
Match #2
Trios Gauntlet
NEVER Openweight 6-Man Tag Team Championship
Taichi
56.7%
Match #7
Lumberjack Deathmatch
NEVER Openweight Championship
Taichi
56.7%
Match #2
Trios Gauntlet
NEVER Openweight 6-Man Tag Team Championship
YOSHI-HASHI
55.4%
Match #7
Lumberjack Deathmatch
NEVER Openweight Championship
Jado
55.4%
Match #7
Lumberjack Deathmatch
NEVER Openweight Championship
YOSHI-HASHI
55.4%
Dark Match
6-Man Tag Team
David Finlay
52.7%
Match #1
8-Man Tag Team
Yuji Nagata
51.7%
Match #7
Lumberjack Deathmatch
NEVER Openweight Championship
El Desperado
51.2%
Match #1
8-Man Tag Team
Tiger Mask
48.6%
Match #1
8-Man Tag Team
Satoshi Kojima
48.3%
Match #1
8-Man Tag Team
Togi Makabe
48.3%
Match #1
8-Man Tag Team
Hiroyoshi Tenzan
47.1%
Match #2
Trios Gauntlet
NEVER Openweight 6-Man Tag Team Championship
Yoshinobu Kanemaru
41.8%
Match #7
Lumberjack Deathmatch
NEVER Openweight Championship
Yoshinobu Kanemaru
41.8%
Match #1
8-Man Tag Team
Manabu Nakanishi
39.2%
Dark Match
6-Man Tag Team
Katsuya Kitamura
30.2%
Dark Match
6-Man Tag Team
Hirai Kawato
26.6%
Dark Match
6-Man Tag Team
Shota Umino
24.3%
Dark Match
6-Man Tag Team
Tetsuhiro Yagi
14.9%

You're not logged in!

Compare scores with friends on all Sporcle quizzes.
OR
Log In

Sporcle TV

Today on Sporcle TV


Watch our educational content, quiz creation guides, and fun videos on Sporcle TV.

Show Comments

Extras

Top Quizzes Today


Score Distribution

Paid Content

Your Account Isn't Verified!

In order to create a playlist on Sporcle, you need to verify the email address you used during registration. Go to your Sporcle Settings to finish the process.

Report this User

Report this user for behavior that violates our Community Guidelines.

Details: